|
|
|
|
| LEADER |
01961nam a2200553 a 4500 |
| 001 |
nkc20102108305 |
| 003 |
CZ PrNK |
| 005 |
20100927125809.0 |
| 007 |
ta |
| 008 |
100526s2010 xr a b 000 0 cze |
| 015 |
|
|
|a cnb002108305
|
| 020 |
|
|
|a 978-80-255-0380-5
|q (brož.)
|
| 035 |
|
|
|a (OCoLC)670479235
|
| 040 |
|
|
|a BOA001
|b cze
|d ABA001
|
| 041 |
1 |
|
|a cze
|h eng
|
| 072 |
|
7 |
|a 629
|x Dopravní prostředky
|2 Konspekt
|9 19
|
| 072 |
|
7 |
|a 0/9-053.2
|x Literatura pro děti a mládež (naučná)
|2 Konspekt
|9 26
|
| 080 |
|
|
|a 629.734/.735
|2 MRF
|
| 080 |
|
|
|a 656.7
|2 MRF
|
| 080 |
|
|
|a 629.7(091)
|2 MRF
|
| 080 |
|
|
|a (086.48)
|2 MRF
|
| 080 |
|
|
|a (0.053.2)
|2 MRF
|
| 245 |
0 |
0 |
|a Letadla :
|b prozkoumej nebe s touto úžasnou knížkou plnou zajímavostí! /
|c [z anglického originálu ... přeložila Ivana Rybecká]
|
| 250 |
|
|
|a 2. vyd.
|
| 260 |
|
|
|a Čestlice :
|b Rebo,
|c 2010
|
| 300 |
|
|
|a 48 s. :
|b barev. il. ;
|c 25 cm +
|e vylamovací modely ([18] l.) + samolepky (1 l.)
|
| 490 |
1 |
|
|a Rebo dětem
|
| 500 |
|
|
|a Název z obálky
|
| 500 |
|
|
|a Uloženo v papírovém obalu
|
| 500 |
|
|
|a Podnázev na obalu: kniha & modely & samolepky
|
| 521 |
8 |
|
|a Doporučeno pro děti od 6 let
|
| 650 |
0 |
7 |
|a letadla
|7 ph115124
|2 czenas
|
| 650 |
0 |
7 |
|a letecká doprava
|7 ph115126
|2 czenas
|
| 650 |
0 |
7 |
|a dějiny letectví
|7 ph488979
|2 czenas
|
| 650 |
0 |
9 |
|a airplanes
|2 eczenas
|
| 650 |
0 |
9 |
|a air transportation
|2 eczenas
|
| 650 |
0 |
9 |
|a history of aviation
|2 eczenas
|
| 655 |
|
7 |
|a papírové modely
|7 fd132991
|2 czenas
|
| 655 |
|
7 |
|a publikace pro děti
|7 fd133156
|2 czenas
|
| 655 |
|
9 |
|a paper models
|2 eczenas
|
| 655 |
|
9 |
|a children's literature
|2 eczenas
|
| 700 |
1 |
|
|a Rybecká, Ivana
|7 mzk2009529338
|4 trl
|
| 765 |
0 |
|
|t Paper planes
|9 Česky
|
| 830 |
|
0 |
|a Rebo dětem
|0 s
|
| 910 |
2 |
|
|a BOA001
|b 2-1247.739
|
| 990 |
|
|
|a BK
|
| 995 |
|
|
|a 01
|
| 991 |
|
|
|b 201008
|c NOV
|e dn
|
| 996 |
6 |
|
|b 2610445080
|c 2-1247.739
|l MZK
|r Sklad / do 1 hodiny
|n 0
|p p.v.
|w 001137582
|u 000010
|a 1
|e BOA001
|j MZK50
|s P
|